000 00987nas a2200325 4500
001 BR0002751
003 BR-BrBNA
005 20231205101857.0
007 ta
008 230509b bl.|||p| |||| 00| 00por d
040 _aBR-BrBNA
_bpor
_cBiblioteca Nacional de Agricultura
041 _a(Pt)
072 _aL02
100 1 _aRodrigueiro, R.J.B.
100 1 _aMurakami, A.E.
100 1 _aPozza, P.C.
100 1 _aScapinello, C.
100 1 _aMoreira, I.
100 1 _aNeme, R.
245 1 _aEfeito de dois programas de alimentacao sobre o desempenho e o rendimento de carcaca de duas marcas comerciais de frangos de corte
650 _aFrango de Corte
650 _aCarcaca
650 _aPerformance
650 _aRendimento
650 _aGanho de Peso
650 _aRacao
773 0 _tRevista Brasileira de Zootecnia (Brazil)
_xISSN 1516-3598
_g(Mar-Apr 2000), v. 29(2) p. 502-506
_wBR0002751
909 _a202311
_bLúcia
_c55
_dLúcia Elande
942 _2AGRIS
_n0
_cANA
999 _c164472
_d164472